LEADER 02255nam1 22004693i 450 001 TO0E080918 005 20251003044414.0 100 $a20240201g17501752||||0itac50 ba 101 | $aita 102 $ait 181 1$6z01$ai $bxxxe 182 1$6z01$an 183 1$6z01$anc$2RDAcarrier 200 1 $aMetodo di studiare, e d'insegnare cristianamente, e sodamente le lettere umane in riguardo alle lettere divine, e alle Scritture. Dello studio de' poeti ... Del padre Lodovico Tommasini ... Tomo 1. [- 4.] 210 $aIn Napoli$cnella stamperia di Benedetto, ed Ignazio Gessari$d1750-1752 215 $a4 v.$d8º 300 $aFregio sui front 300 $aIniz. e fregi xilogr 300 $aDedicata a Matteo de Sarno 463 1$1001TO0E080919$12000 $a1:$v1 463 1$1001TO0E080921$12000 $a2:$v2 463 1$1001TO0E080923$12000 $a3:$v3 463 1$1001TO0E080924$12000 $a4$v4 620 $aIT$dNapoli$3TO0L002386 700 1$aThomassin$b, Louis$f <1619-1695>$3MILV034574$4070$0744132 702 1$aDe Sarno$b, Matteo$3SBLV227097$4280 712 02$aGessari, Benedetto & Gessari Ignazio$3TO0V390290$4650 790 1$aTomassini$b, Ludovico$3UBOV410910$zThomassin, Louis <1619-1695> 790 1$aThomassin$b, Ludovico$3UBOV410913$zThomassin, Louis <1619-1695> 790 1$aTommasini$b, Lodovico$3UBOV410914$zThomassin, Louis <1619-1695> 791 02$aGessari, Ignazio & Gessari, Benedetto fratelli$3VEAV047611$zGessari, Benedetto & Gessari Ignazio 801 3$aIT$bIT-000000$c20240201 850 $aIT-BN0095 $aIT-NA0079 $aIT-CE0012 $aIT-BN0015 901 $bNAP BN$cSALA FARN.$n$ 901 $bNAP BN$cBIBL.BRANC$nLa consegna dei documenti è effettuata dall'Ufficio Distribuzione 901 $bNAP 01$cDEMARCO $n$ 901 $bNAP PB$cSEZ LOCALE$n$ 912 $aTO0E080918 950 1$aBiblioteca Centralizzata di Ateneo$bv. 4$c1 esemplare, v. 4$d 01DEMARCO FONDO RARI B 35 977 $a 01$a BN$a CC$a PB 996 $aMetodo di studiare, e d'insegnare cristianamente, e sodamente le lettere umane in riguardo alle lettere divine, e alle Scritture. Dello studio de' poeti ... Del padre Lodovico Tommasini ... Tomo 1.$93551779 997 $aUNISANNIO